|
|
|
|
| LEADER |
02043nam a22003137a 4500 |
| 001 |
36097 |
| 003 |
BD-DhAAL |
| 005 |
20230201120546.0 |
| 008 |
190925r20192017bg ||||| |||| 001 0deng d |
| 020 |
|
|
|a 9789849274346
|
| 040 |
|
|
|a BD-DhAAL
|c BD-DhAAL
|
| 041 |
|
|
|a ben
|
| 082 |
|
|
|a 320.95492
|2 23
|
| 100 |
|
|
|a আহমদ, আবুল মনসুর
|9 35314
|
| 245 |
|
|
|a আমার দেখা রাজনীতির পঞ্চাশ বছর /
|c আবুল মনসুর আহমদ.
|
| 246 |
|
|
|a Amar dekha rajnitir ponchash bochhor [Fifty years of politics as I saw it]
|
| 260 |
|
|
|a ঢাকা :
|b প্রথমা প্রকাশন,
|c ২০১৭ [ষষ্ঠ মুদ্রণ ২০১৯, ১৬তম মুদ্রণ ২০২২].
|
| 300 |
|
|
|a ৬৬০ পৃষ্ঠা,
|a ৬৭০ পৃষ্ঠা ;
|c ২২ সে. মি.
|
| 526 |
|
|
|a ESS, GenEd
|
| 541 |
|
|
|a HYE Trade International, Development Book Agency
|e 36097, 36098, 40770, 40771
|
| 650 |
|
|
|a Politics and government.
|9 35315
|
| 650 |
|
|
|a Bangladesh
|x Politics and government.
|9 35316
|
| 852 |
|
|
|a Ayesha Abed Library
|c Bangabandhu Corner
|
| 942 |
|
|
|2 ddc
|c BK
|
| 999 |
|
|
|c 40874
|d 40874
|
| 952 |
|
|
|0 0
|1 0
|2 ddc
|4 0
|6 320_954920000000000_AHM
|7 0
|9 66376
|a BRACUL
|b BRACUL
|c BNC
|d 2019-09-18
|e Hye Trade International
|g 799.00
|l 4
|m 66
|o 320.95492 AHM
|p 3010036098
|r 2025-06-23
|s 2024-09-30
|t 2
|v 799.00
|w 2019-09-18
|y BK
|
| 952 |
|
|
|0 0
|1 0
|2 ddc
|4 0
|6 320_954920000000000_AHM
|7 0
|9 66377
|a BRACUL
|b BRACUL
|c BNC
|d 2019-09-18
|e Hye Trade International
|g 799.00
|l 5
|m 47
|o 320.95492 AHM
|p 3010036097
|q 2026-06-02
|r 2026-04-18
|s 2026-04-18
|t 1
|v 799.00
|w 2019-09-18
|y BK
|
| 952 |
|
|
|0 0
|1 0
|2 ddc
|4 0
|6 320_954920000000000_AHM
|7 0
|9 72932
|a SCL
|b SCL
|c GEN
|d 2023-01-15
|e Development Book Agency
|g 704.00
|l 6
|m 26
|o 320.95492 AHM
|p 3020040771
|r 2025-12-29
|s 2025-11-13
|t 4
|v 704.00
|w 2023-01-15
|y BK
|
| 952 |
|
|
|0 0
|1 0
|2 ddc
|4 0
|6 320_954920000000000_AHM
|7 0
|9 72933
|a SCL
|b SCL
|c GEN
|d 2023-01-15
|e Development Book Agency
|g 704.00
|l 4
|m 13
|o 320.95492 AHM
|p 3020040770
|r 2025-11-24
|s 2024-10-31
|t 3
|v 704.00
|w 2023-01-15
|y BK
|